Nombre 16 - Culture générale - Statistiques

Statistiques générales
  • Ce quiz a été pris 1 730 fois
  • Le résultat moyen est 8 sur 15
Statistiques - réponses
Indice Réponse % Correct
Ville française comptabilisant 16 arrondissements Marseille
94%
Celui de Paris compte 16 lignes Métro
87%
Femme de Louis XVI Marie-Antoinette d'Autriche
84%
Chaque joueur dispose de 16 pièces dans cette discipline Échecs
80%
Bière des brasseries Kronenbourg que l'on abrège en "seize" 1664
73%
Format d'image ou d'écran normalisé procurant une vue plus panoramique que le 4/3 16/9
63%
Pape de l'Église catholique de 2005 à 2013 Benoît XVI
63%
La manière dont se nomment les états fédérés d'Allemagne, au nombre de 16 Land
47%
Proverbe latin souvent traduit en anglais par "seize the day" Carpe Diem
46%
Le système hexadécimal est extrêmement employé dans ce domaine Informatique
45%
Série de jeux vidéo de rôle japonais composée actuellement de 16 opus Final Fantasy
41%
Entreprise états-unienne ayant créé le format 16mm de pellicule cinématographique Kodak
38%
Ce pays est découpé administrativement en 16 voïvodies Pologne
23%
Nom du test pseudoscientifique établissant 16 personnalités différentes MBTI
19%
Il faut 16 fois cette unité de masse pour faire une livre anglo-saxonne Once
18%
Aucun quiz correspondant
Distribution des résultats
% des personnes avec chaque résultat
Percentile par nombre de réponses
Votre historique - résultats
Vous n’avez pas pris ce quiz